[Event "Shumov mem corr"]
[Site "Russia"]
[Date "2000.07.01"]
[Round "?"]
[White "Kristensen, Svend Kronborg"]
[Black "Sanchez Rodenas, Antonio"]
[Result "1/2-1/2"]
[WhiteElo "2402"]
[BlackElo "2407"]
[PlyCount "58"]
[EventDate "2000.07.01"]
[EventType "tourn (corr)"]
[EventRounds "14"]
[EventCountry "RUS"]
[EventCategory "5"]
[SourceTitle "Corr 2024"]
[Source "ChessBase"]
[SourceDate "2023.10.19"]
[SourceVersion "1"]
[SourceVersionDate "2023.10.19"]
[SourceQuality "1"]

1. e4 c6 2. d4 d5 3. Nd2 dxe4 4. Nxe4 Bf5 5. Ng3 Bg6 6. h4 h6 7. Nf3 Nd7 8. h5 Bh7 9. Bd3 Bxd3 10. Qxd3 e6 11. Bf4 Qa5+ 12. Bd2 Qc7 13. 0-0-0 Ngf6 14. Ne4 Bd6 15. Kb1 Nxe4 16. Qxe4 0-0-0 17. c4 Nf6 18. Qe2 Rhe8 19. Bc3 Qe7 20. Ne5 Kb8 21. Rh3 Ka8 22. Rg3 Rg8 23. Rgd3 Nd7 24. Ba5 Rc8 25. f4 Bc7 26. Qe1 Rgd8 27. Bb4 c5 28. Bc3 cxd4 29. Bxd4 Nc5 1/2-1/2